Hauptstädte von den größten Ländern der Welt (Fläche) - Statistiken

Allgemein
  • Dieses Quiz wurde 76 mal gespielt
  • Das Durchschnittsergebnis liegt bei 13 aus 20
Antwortstatistiken
Land Hauptstadt % Korrekt
Russland Moskau
100%
Vereinigte Staaten Washington D.C.
96%
Brasilien Brasília
94%
China Peking
91%
Kanada Ottawa
90%
Australien Canberra
85%
Indien Neu-Delhi
82%
Mexiko Mexiko-Stadt
81%
Argentinien Buenos Aires
73%
Algerien Algier
67%
Kasachstan Astana
60%
Indonesien Jakarta
57%
Saudi-Arabien Riad
57%
Mongolei Ulaanbaatar
55%
Demokratische Republik Kongo Kinshasa
54%
Iran Teheran
54%
Peru Lima
39%
Sudan Khartum
33%
Libyen Tripolis
33%
Tschad N'Djamena
19%
Keine übereinstimmenden Quizze gefunden
Verteilung der Resultate
Anzahl Personen mit jedem Resultat
Perzentil nach korrekt beantworteten Fragen
Ihre Resultats-Entwicklung
Sie haben dieses Quiz noch nicht gespielt